Principaux indicateurs de la performance d'une entreprise transport - Statistiques

Statistiques générales
  • Ce quiz a été pris 13 fois
  • Le résultat moyen est 2 sur 12
Statistiques - réponses
Question Réponse % Correct
Quel indicateur mesure l'efficacité de l'utilisation des ressources et contribue à réduire l'empreinte environnementale d'une entreprise de transport ? a) Taux de remplissage des véhicules
100%
Quelle est la principale motivation derrière la mise en œuvre d'une démarche RSE dans une entreprise de transport ? d) Contribuer au développement durable de la société et de l'environnement
100%
Une entreprise de transport a généré un chiffre d'affaires de 500 000 euros au cours de l'année dernière. Ses coûts totaux pour cette période se sont élevés à 350 000 euros. Quel est le taux de marge de cette entreprise ? a) 30%
0%
Que signifie l'acronyme "KPI" ? a) Key Performance Indicator
0%
Quel est l'objectif principal du calcul du taux de variation dans le contexte de la performance d'une entreprise de transport ? a) Mesurer l'évolution du chiffre d'affaires d'une année à l'autre
0%
Quel indicateur est principalement utilisé pour évaluer la performance commerciale d'une entreprise de transport ? a) Taux de satisfaction client
0%
Quelle norme ISO est spécifiquement conçue pour aider les organisations à réduire leur impact environnemental et à gérer de manière proactive les questions environnementales ? b) ISO 14001
0%
Qu'est-ce que le taux d'absentéisme mesure principalement dans une entreprise de transport ? b) Le nombre d'heures de travail perdues en raison de l'absence des employés par rapport au nombre total d'heures de travail prévues
0%
Quel est l'objectif principal de la certification ISO 9001 dans une entreprise de transport ? c) Améliorer la qualité des services et la satisfaction des clients
0%
Quel indicateur est principalement utilisé pour évaluer l'empreinte carbone d'une entreprise dans le cadre de sa dimension RSE ? c) Émissions de gaz à effet de serre (GES)
0%
Quel est l'objectif principal du bilan social d'une entreprise ? c) Fournir une analyse de la performance sociale et des conditions de travail au sein de l'entreprise
0%
Qu'est-ce que le taux de service dans le domaine du transport ? c) Le pourcentage de commandes ou de livraisons effectuées dans les délais convenus.
0%
Aucun quiz correspondant
Distribution des résultats
% des personnes avec chaque résultat
Percentile par nombre de réponses
Votre historique - résultats
Vous n’avez pas pris ce quiz